00441nam a2200145 a 4500008004100000050001400041110008300055245005400138260002800192300001000220350000900230650002000239650001400259650002200273120416s1979 ||||||||||||||||| || u aHD 82 Uni aUnited States Committee for Economic Development Research and Policy Committee10aRedefining government's role in the market system aNew YorkbC. E. Dc1979 a144p. a0.00 0aECONOMIC POLICY 0aECONOMICS aECONOMIC RESEARCH